<?xml version="1.0" encoding="UTF-8"?>
<record
    xmlns:xsi="http://www.w3.org/2001/XMLSchema-instance"
    xsi:schemaLocation="http://www.loc.gov/MARC21/slim http://www.loc.gov/standards/marcxml/schema/MARC21slim.xsd"
    xmlns="http://www.loc.gov/MARC21/slim">

  <leader>01151nam a2200349 a 4500</leader>
  <datafield tag="999" ind1=" " ind2=" ">
    <subfield code="c">7559</subfield>
    <subfield code="d">7559</subfield>
  </datafield>
  <controlfield tag="001">991041782319706706</controlfield>
  <controlfield tag="003">OSt</controlfield>
  <controlfield tag="005">20211217131607.0</controlfield>
  <controlfield tag="008">980212s1997    spca   ||b    001 ||spa  </controlfield>
  <datafield tag="015" ind1=" " ind2=" ">
    <subfield code="a">LL1998</subfield>
    <subfield code="2">bnc</subfield>
  </datafield>
  <datafield tag="017" ind1=" " ind2=" ">
    <subfield code="a">DL B. 34838-1997</subfield>
    <subfield code="b">Biblioteca de Catalunya</subfield>
  </datafield>
  <datafield tag="020" ind1=" " ind2=" ">
    <subfield code="a">8477824444</subfield>
  </datafield>
  <datafield tag="035" ind1=" " ind2=" ">
    <subfield code="a">(ES-BaCBU).b2098764x</subfield>
  </datafield>
  <datafield tag="035" ind1=" " ind2=" ">
    <subfield code="a">(OCoLC)1286257407</subfield>
  </datafield>
  <datafield tag="040" ind1=" " ind2=" ">
    <subfield code="a">ES-BaBC</subfield>
    <subfield code="b">cat</subfield>
    <subfield code="c">CDMR</subfield>
  </datafield>
  <datafield tag="080" ind1=" " ind2=" ">
    <subfield code="a">946.0(061.4)"1977/1997"</subfield>
  </datafield>
  <datafield tag="245" ind1="0" ind2="0">
    <subfield code="a">Espa&#xF1;a, 20 a&#xF1;os de democracia</subfield>
  </datafield>
  <datafield tag="260" ind1=" " ind2=" ">
    <subfield code="a">Barcelona :</subfield>
    <subfield code="b">Lunwerg ;</subfield>
    <subfield code="a">Madrid :</subfield>
    <subfield code="b">Fundaci&#xF3;n EFE,</subfield>
    <subfield code="c">1997</subfield>
  </datafield>
  <datafield tag="300" ind1=" " ind2=" ">
    <subfield code="a">211 p. :</subfield>
    <subfield code="b">principalment il. ;</subfield>
    <subfield code="c">29 cm</subfield>
  </datafield>
  <datafield tag="500" ind1=" " ind2=" ">
    <subfield code="a">Cat&#xE0;leg de l'exposici&#xF3;</subfield>
  </datafield>
  <datafield tag="500" ind1=" " ind2=" ">
    <subfield code="a">A la portada: Patrocinado por Fundaci&#xF3;n Caja de Madrid</subfield>
  </datafield>
  <datafield tag="500" ind1=" " ind2=" ">
    <subfield code="a">A la portada: Con la colaboraci&#xF3;n de Cepsa, Retevisi&#xF3;n</subfield>
  </datafield>
  <datafield tag="504" ind1=" " ind2=" ">
    <subfield code="a">&#xCD;ndex</subfield>
  </datafield>
  <datafield tag="610" ind1="2" ind2="0">
    <subfield code="9">624</subfield>
    <subfield code="a">Agencia EFE</subfield>
    <subfield code="x">Exposicions</subfield>
  </datafield>
  <datafield tag="650" ind1=" " ind2="7">
    <subfield code="a">Fotografia documental</subfield>
    <subfield code="z">Espanya</subfield>
    <subfield code="x">Exposicions.</subfield>
    <subfield code="2">lemac</subfield>
  </datafield>
  <datafield tag="710" ind1="2" ind2=" ">
    <subfield code="a">Fundaci&#xF3;n EFE</subfield>
  </datafield>
  <datafield tag="710" ind1="2" ind2=" ">
    <subfield code="a">Retevisi&#xF3;n.</subfield>
  </datafield>
  <datafield tag="907" ind1=" " ind2=" ">
    <subfield code="a">.b2098764x</subfield>
    <subfield code="b">17-06-21</subfield>
    <subfield code="c">07-05-08</subfield>
    <subfield code="d">07-05-08</subfield>
    <subfield code="e">m</subfield>
    <subfield code="f">a</subfield>
    <subfield code="g">-</subfield>
    <subfield code="h">spa</subfield>
    <subfield code="i">spc</subfield>
    <subfield code="j">0</subfield>
    <subfield code="k">2</subfield>
  </datafield>
  <datafield tag="908" ind1=" " ind2=" ">
    <subfield code="a">BC</subfield>
    <subfield code="a">UdG</subfield>
    <subfield code="a">UB</subfield>
  </datafield>
  <datafield tag="940" ind1=" " ind2=" ">
    <subfield code="a">BC</subfield>
  </datafield>
  <datafield tag="942" ind1=" " ind2=" ">
    <subfield code="2">udc</subfield>
    <subfield code="c">MON</subfield>
  </datafield>
  <datafield tag="952" ind1=" " ind2=" ">
    <subfield code="0">0</subfield>
    <subfield code="1">0</subfield>
    <subfield code="4">0</subfield>
    <subfield code="7">0</subfield>
    <subfield code="a">CDMR</subfield>
    <subfield code="b">CDMR</subfield>
    <subfield code="d">2021-12-17</subfield>
    <subfield code="e">Donaci&#xF3;</subfield>
    <subfield code="g">12.00</subfield>
    <subfield code="l">0</subfield>
    <subfield code="o">Dk 2/22</subfield>
    <subfield code="p">CDMR21120095</subfield>
    <subfield code="r">2021-12-17</subfield>
    <subfield code="w">2021-12-17</subfield>
    <subfield code="y">MON</subfield>
  </datafield>
</record>
